Ariana Grande - Paroles God Is a Woman - Statistiques

Statistiques générales
  • Ce quiz a été pris 161 fois
  • Le résultat moyen est 330 sur 433
Statistiques - réponses
Hint Réponse % Correct
hmm
99%
I
98%
I,
98%
Refrain You,
97%
you
97%
You
97%
a
96%
A
96%
God
95%
(God
95%
Oh,
95%
woman
95%
woman,
95%
woman)
95%
is
94%
be
92%
love
92%
believe
91%
and
90%
And
90%
it
89%
it,
89%
It
89%
to
89%
My
88%
my
88%
on
88%
one,
87%
one
87%
(One)
87%
when
86%
When
86%
move
84%
touch
82%
done
81%
feel
81%
midnight
81%
yeah
81%
(Yeah)
81%
yeah,
81%
Outro Yeah,
81%
yeah)
81%
how
79%
the
76%
all
75%
no
75%
that
75%
can
74%
can't
73%
feelin'
71%
me
70%
me,
70%
after
69%
said
68%
want
65%
You'll
65%
like,
64%
like
64%
time,
64%
We
64%
tell
63%
don't
60%
fight
60%
know
60%
in
58%
things
58%
wanna
57%
your
57%
It's
56%
Baby,
54%
baby,
54%
take
53%
company
52%
Boy,
51%
boy,
51%
not
51%
should
51%
waste
51%
way
51%
lingers
49%
we're
49%
So,
47%
ain't
46%
Ain't
46%
slow,
46%
rest
45%
let's
44%
come
43%
told
43%
different
42%
from
42%
hand,
42%
he
42%
if
42%
I'm
42%
keep
42%
make
42%
pray
42%
track
42%
blessed
41%
down
41%
get
41%
mind,
41%
got
40%
Have
40%
nobody
39%
relate
39%
else
38%
might
38%
universe
38%
you're
38%
what
37%
flourishing
36%
see
36%
See
36%
try
36%
confess,
35%
for
35%
Couplet 2 I'll
34%
afraid
32%
any
32%
save
32%
last,
31%
next
31%
soul
31%
tellin'
30%
deserve
29%
lay
29%
But
28%
comes
28%
Aucun quiz correspondant
Distribution des résultats
% des personnes avec chaque résultat
Percentile par nombre de réponses
Votre historique - résultats
Vous n’avez pas pris ce quiz